000
00320nam a2200133Ia 4500
008
240624s9999 xx 000 0 und d
041
_a
eng
082
_a
891.46 KHE
100
_a
KHERA SHIV
245
_a
YASH TUMCHYA HATAAT
260
_c
2012
_a
New Delhi
_b
Macmillan
300
_a
304 : p. : cm. ; 21
365
_c
RS
_b
32
999
_c
21653
_d
21653